| 000 | 00501nam a2200193Ia 4500 | ||
|---|---|---|---|
| 005 | 20240823064231.0 | ||
| 008 | 240823s9999||||xx |||||||||||||| ||und|| | ||
| 041 | _aENGLISH | ||
| 082 | _A616.8556 P9 | ||
| 100 | _a"Aronson,Arnold E" | ||
| 245 | 0 | _aClinical Voice Disorders | |
| 250 | _a4th | ||
| 260 |
_c2009 _bThieme Publica |
||
| 500 | _aREFERENCE | ||
| 650 |
_aAudiology Speech and Language Pathology _bAllied Health Science |
||
| 700 | _a" Bless,Diane M" | ||
| 942 | _cNB | ||
| 999 |
_c240217 _d240217 |
||